US-States by cliché/stereotype - Statistics

General Stats
  • This quiz has been taken 141 times
  • The average score is 5 of 9
Answer Stats
Hint Answer % Correct
Cowboys, "Yee Haw", BBQ Texas
100%
Flip Flops and Swimsuits, Volleyball, Hurricanes Florida
84%
Crocodiles and Alligators, Jazz, Crawfish Louisiana
77%
Gambling, Divorces, Hangover (Movie) Nevada
74%
"Country Roads", South/North/Midwest, Redneck West Virginia
60%
Oil, Horses, "Little Texas" Oklahoma
57%
Cow Tipping, "Uff Da" and "Ope", Everyone lives in a Cabin Minnesota
33%
Monsters, Nobody Lives There, (Everything about the State itself) Ohio
30%
Paranormal Activities, Worst Drivers, Unique Baby Names Utah
17%
No matching quizzes found
Score Distribution
Percent of People with Each Score
Percentile by Number Answered
Your Score History
You have not taken this quiz